Emploi nouvelles donnes
Na minha lista:
| Outros Autores: | |
|---|---|
| Formato: | Livro |
| Idioma: | francês |
| Publicado em: |
Paris
Economica
1993
|
| Colecção: | Grands débats
|
| Assuntos: | |
| Tags: |
Sem tags, seja o primeiro a adicionar uma tag!
|
MARC
| LEADER | 00000nam$a2200000$$$4500 | ||
|---|---|---|---|
| 001 | 0112791 | ||
| 005 | 20240104132641.4 | ||
| 020 | |a 2-7178-2570-3 | ||
| 041 | 0 | |a fre | |
| 044 | |a FR | ||
| 245 | 1 | 0 | |a Emploi |b nouvelles donnes |
| 264 | 1 | |a Paris |b Economica |c 1993 | |
| 300 | |a 229 s. | ||
| 490 | 1 | |a Grands débats | |
| 830 | 0 | |a Grands débats | |
| 610 | 2 | 0 | |a zamestnanosť |
| 610 | 2 | 0 | |a politika zamestnanosti |
| 700 | 1 | |a Gazier, Bernard | |